| 000 | 00627nam a2200205Ia 4500 | ||
|---|---|---|---|
| 003 | OSt | ||
| 005 | 20240925091115.0 | ||
| 008 | 210210b1993 xxu||||| |||| 00| 0 eng d | ||
| 040 | _cAL | ||
| 041 | _aKannada | ||
| 082 | _a332.1K RAMB | ||
| 100 |
_aRAMAN (B S). _dರಾಮನ್ (ಬಿ ಎಸ್) _9175984 |
||
| 245 |
_aBanking law and practice. _bಬ್ಯಾಂಕಿಂಗ್ ಲಾ ಅಂಡ್ ಪ್ರಾಕ್ಟೀಸ್ |
||
| 260 |
_aMangaluru _bUnited Pablishers _c1993 |
||
| 300 | _a678 | ||
| 650 |
_aByanking kanunu mattu acharane _9175985 |
||
| 690 |
_aBanking _9175986 |
||
| 906 | _a049129 | ||
| 942 |
_2ddc _cBK |
||
| 999 |
_c98124 _d98124 |
||